<?xml version="1.0" encoding="UTF-8"?>
<record
    xmlns:xsi="http://www.w3.org/2001/XMLSchema-instance"
    xsi:schemaLocation="http://www.loc.gov/MARC21/slim http://www.loc.gov/standards/marcxml/schema/MARC21slim.xsd"
    xmlns="http://www.loc.gov/MARC21/slim">

  <leader>00792nam a22001577a 4500</leader>
  <controlfield tag="003">OSt</controlfield>
  <controlfield tag="005">20151105104002.0</controlfield>
  <controlfield tag="008">151105b        xxu||||| |||| 00| 0 eng d</controlfield>
  <datafield tag="040" ind1=" " ind2=" ">
    <subfield code="c">RUA</subfield>
  </datafield>
  <datafield tag="082" ind1=" " ind2=" ">
    <subfield code="a">FOR SUM 1997 B124 Or.1</subfield>
  </datafield>
  <datafield tag="100" ind1=" " ind2=" ">
    <subfield code="9">3384</subfield>
    <subfield code="a">SUM, SOVATHA.</subfield>
  </datafield>
  <datafield tag="245" ind1=" " ind2=" ">
    <subfield code="a">study on the wood level scheduled to the plan cutting off from forest - concession companies for local consumtion (&#x179F;&#x17B7;&#x1780;&#x17D2;&#x179F;&#x17B6;&#x1780;&#x17C6;&#x179A;&#x17B7;&#x178F;&#x1780;&#x17C6;&#x178E;&#x178F;&#x17CB;&#x1794;&#x179A;&#x17B7;&#x1798;&#x17B6;&#x178E;&#x1788;&#x17BE;&#x178A;&#x17C2;&#x179B;&#x178F;&#x17D2;&#x179A;&#x17BC;&#x179C;&#x1780;&#x17B6;&#x178F;&#x17CB;&#x1795;&#x17C2;&#x1793;&#x1780;&#x17B6;&#x179A;&#x1796;&#x17B8;&#x1794;&#x178E;&#x17D2;&#x178F;&#x17B6;&#x1780;&#x17D2;&#x179A;&#x17BB;&#x1798;&#x17A0;&#x17CA;&#x17BB;&#x1793; &#x1796;&#x17D2;&#x179A;&#x17C3;&#x179F;&#x1798;&#x17D2;&#x1794;&#x1791;&#x17B6;&#x1793;&#x178A;&#x17BE;&#x1798;&#x17D2;&#x1794;&#x17B8;&#x1794;&#x17D2;&#x179A;&#x17BE;&#x1794;&#x17D2;&#x179A;&#x17B6;&#x179F;&#x17CB;&#x1780;&#x17D2;&#x1793;&#x17BB;&#x1784;&#x1794;&#x17D2;&#x179A;&#x179F;&#x17CB;&#x1780;&#x17D2;&#x1793;&#x17BB;&#x1784;&#x179F;&#x17D2;&#x179A;&#x17BB;&#x1780;)</subfield>
  </datafield>
  <datafield tag="260" ind1=" " ind2=" ">
    <subfield code="a">Phnom Penh</subfield>
    <subfield code="b">RUA</subfield>
    <subfield code="c">1997</subfield>
  </datafield>
  <datafield tag="300" ind1=" " ind2=" ">
    <subfield code="a">57p.</subfield>
    <subfield code="b">ill.</subfield>
    <subfield code="c">29cm.</subfield>
  </datafield>
  <datafield tag="942" ind1=" " ind2=" ">
    <subfield code="2">ddc</subfield>
    <subfield code="c">FOR</subfield>
  </datafield>
  <datafield tag="999" ind1=" " ind2=" ">
    <subfield code="c">3157</subfield>
    <subfield code="d">3157</subfield>
  </datafield>
  <datafield tag="952" ind1=" " ind2=" ">
    <subfield code="0">0</subfield>
    <subfield code="1">0</subfield>
    <subfield code="2">ddc</subfield>
    <subfield code="4">0</subfield>
    <subfield code="6">FOR_SUM_1997_000000000000000_B124_OR_1</subfield>
    <subfield code="7">0</subfield>
    <subfield code="9">14837</subfield>
    <subfield code="a">LBB</subfield>
    <subfield code="b">LBB</subfield>
    <subfield code="c">B124</subfield>
    <subfield code="d">2015-11-05</subfield>
    <subfield code="o">FOR SUM 1997 B124 Or.1</subfield>
    <subfield code="p">RUA010901</subfield>
    <subfield code="r">2015-11-05</subfield>
    <subfield code="w">2015-11-05</subfield>
    <subfield code="y">FOR</subfield>
  </datafield>
  <datafield tag="952" ind1=" " ind2=" ">
    <subfield code="0">0</subfield>
    <subfield code="1">0</subfield>
    <subfield code="2">ddc</subfield>
    <subfield code="4">0</subfield>
    <subfield code="6">FOR_SUM_1997_000000000000000_B124_OR_2</subfield>
    <subfield code="7">0</subfield>
    <subfield code="9">14838</subfield>
    <subfield code="a">LBB</subfield>
    <subfield code="b">LBB</subfield>
    <subfield code="c">B124</subfield>
    <subfield code="d">2015-11-05</subfield>
    <subfield code="o">FOR SUM 1997 B124 Or.2</subfield>
    <subfield code="p">RUA010914</subfield>
    <subfield code="r">2015-11-05</subfield>
    <subfield code="w">2015-11-05</subfield>
    <subfield code="y">FOR</subfield>
  </datafield>
  <datafield tag="952" ind1=" " ind2=" ">
    <subfield code="0">0</subfield>
    <subfield code="1">0</subfield>
    <subfield code="2">ddc</subfield>
    <subfield code="4">0</subfield>
    <subfield code="6">FOR_SUM_1997_000000000000000_B124_OR_3</subfield>
    <subfield code="7">0</subfield>
    <subfield code="9">14839</subfield>
    <subfield code="a">LBB</subfield>
    <subfield code="b">LBB</subfield>
    <subfield code="c">B124</subfield>
    <subfield code="d">2015-11-05</subfield>
    <subfield code="o">FOR SUM 1997 B124 Or.3</subfield>
    <subfield code="p">RUA010912</subfield>
    <subfield code="r">2015-11-05</subfield>
    <subfield code="w">2015-11-05</subfield>
    <subfield code="y">FOR</subfield>
  </datafield>
  <datafield tag="952" ind1=" " ind2=" ">
    <subfield code="0">0</subfield>
    <subfield code="1">0</subfield>
    <subfield code="2">ddc</subfield>
    <subfield code="4">0</subfield>
    <subfield code="6">FOR_SUM_1997_000000000000000_B124_OR_4</subfield>
    <subfield code="7">0</subfield>
    <subfield code="9">14840</subfield>
    <subfield code="a">LBB</subfield>
    <subfield code="b">LBB</subfield>
    <subfield code="c">B124</subfield>
    <subfield code="d">2015-11-05</subfield>
    <subfield code="o">FOR SUM 1997 B124 Or.4</subfield>
    <subfield code="p">RUA010611</subfield>
    <subfield code="r">2015-11-05</subfield>
    <subfield code="w">2015-11-05</subfield>
    <subfield code="y">FOR</subfield>
  </datafield>
  <datafield tag="952" ind1=" " ind2=" ">
    <subfield code="0">0</subfield>
    <subfield code="1">0</subfield>
    <subfield code="2">ddc</subfield>
    <subfield code="4">0</subfield>
    <subfield code="6">FOR_SUM_1997_000000000000000_B124_OR_5</subfield>
    <subfield code="7">0</subfield>
    <subfield code="9">15002</subfield>
    <subfield code="a">LBB</subfield>
    <subfield code="b">LBB</subfield>
    <subfield code="c">B124</subfield>
    <subfield code="d">2015-11-06</subfield>
    <subfield code="o">FOR SUM 1997 B124 Or.5</subfield>
    <subfield code="p">RUA027733</subfield>
    <subfield code="r">2015-11-06</subfield>
    <subfield code="w">2015-11-06</subfield>
    <subfield code="y">FOR</subfield>
  </datafield>
</record>
